000 00215nam a2200097Ia 4500
008 190216s9999||||xx |||||||||||||| ||und||
100 _aKuttikrishna Marar
245 0 _aInguninnannolam
260 _bNull
942 _cBK
999 _c24405
_d24405